LEADER 01201nam 22003973u 450 001 9910451172903321 005 20210106233315.0 010 $a1-280-73190-7 010 $a9786610731909 035 $a(CKB)1000000000332526 035 $a(EBL)3400039 035 $a(MiAaPQ)EBC268779 035 $a(EXLCZ)991000000000332526 100 $a20151005d2005|||| u|| | 101 0 $aeng 200 10$aHutchinson Dictionary of Geography$b[electronic resource] 210 $aAbingdon $cHelicon Publishing$d2005 215 $a1 online resource (1326 p.) 300 $aDescription based upon print version of record. 311 $a1-85986-555-0 606 $aEarth sciences -- Dictionaries 606 $aElectronic books. -- local 606 $aGeography -- Dictionaries 608 $aElectronic books. 615 4$aEarth sciences -- Dictionaries. 615 4$aElectronic books. -- local. 615 4$aGeography -- Dictionaries. 676 $a910/.3 700 $aPublishing$b Helicon$0856931 801 0$bAU-PeEL 801 1$bAU-PeEL 801 2$bAU-PeEL 906 $aBOOK 912 $a9910451172903321 996 $aHutchinson Dictionary of Geography$92067632 997 $aUNINA LEADER 01016nam 2200361 450 001 9910158854003321 005 20230808201230.0 010 $a3-7296-2116-5 035 $a(CKB)3710000001010922 035 $a(MiAaPQ)EBC4787505 035 $a(EXLCZ)993710000001010922 100 $a20170131h20162016 uy 0 101 0 $ager 135 $aurcnu|||||||| 181 $2rdacontent 182 $2rdamedia 183 $2rdacarrier 200 14$aDas habe ich gerne gemacht $epolitische und perso?nliche erinnerungen /$fHelmut Hubacher 210 1$aBasel, Switzerland :$cZytglogge,$d2016. 210 4$dİ2016 215 $a1 online resource (188 pages) 311 $a3-7296-0932-7 606 $aPoliticians$zGermany$vBiography 615 0$aPoliticians 676 $a943.0879092 700 $aHubacher$b Helmut$01374570 801 0$bMiAaPQ 801 1$bMiAaPQ 801 2$bMiAaPQ 906 $aBOOK 912 $a9910158854003321 996 $aDas habe ich gerne gemacht$93407861 997 $aUNINA